SIU Aviation Fleet Tail Numbers - Statistics

General Stats
  • This quiz has been taken 2 times
  • The average score is 12 of 39
Answer Stats
Type Aircraft Answer % Correct
C172S 729E
100%
C152 191FS
50%
C152 192FS
50%
C172S 192JP
50%
C172S 213N
50%
P28R 293FS
50%
P28R 294FS
50%
P28R 295FS
50%
C172S 297B
50%
C310 310RD
50%
C172S 478K
50%
C172R 5353R
50%
C172R 546A
50%
C172R 547E
50%
C172R 548A
50%
C172R 549A
50%
C172S 682P
50%
C172S 683H
50%
C172S 731T
50%
C152 93689
50%
C152 95670
50%
C172S 959Y
50%
C172S 261J
0%
C172S 306H
0%
C310 310CF
0%
VR 368VR
0%
VR 369VR
0%
C310 3705G
0%
C172R 5334U
0%
C172R 5335G
0%
C172R 5342Q
0%
C172R 541E
0%
C310 6180C
0%
C152 6489M
0%
C340 6871Y
0%
C172S 849K
0%
C152 93407
0%
C172S 941K
0%
C152 95374
0%
No matching quizzes found
Score Distribution
Percent of People with Each Score
Percentile by Number Answered
Your Score History
You have not taken this quiz